00381nam a2200169Ia 4500008004100000020001800041245001800059245001800077260001500095260001600110260000900126300001400135300002500149300001000174500000800184999001900192170705s9999 xx 000 0 und d a9780545491464 aChicken big / cKeith Graves. aNew York : bScholastic, c2010 aunpaged : bcolor illustration ; c28cm. a570 c335913d335913